| 000 | 003550000a22001450004500 | ||
|---|---|---|---|
| 003 | MACL | ||
| 040 | _aMACL | ||
| 090 |
_c33409 _d33407 |
||
| 100 | _aByres, Terence J | ||
| 245 | _aThe State Development Planning And liberalisaton in India | ||
| 260 |
_bOxford University Press _c1999 |
||
| 350 | _a250 | ||
| 650 | _aPolitical Science | ||
| 942 |
_cBOOK _k320 |
||
| 999 |
_c33059 _d33059 |
||